000 00515nam a2200169 a 4500
001 000040251
005 20201002034018.0
008 130820s1987 sp a 000 0 spa d
040 _aDO-SdBNP
_bspa
_cBNPHU
082 _axxx
100 1 _aWind, Edgar
_966522
240 1 0 _aArt and anarchy
_lespañol
245 1 0 _aArte y anarquía /
_cEdgar Wind ; versión española Salustiano Masó.
260 _aMadrid, España :
_bTaurus,
_c1987.
300 _a173 p. :
_bil. ;
_c21 cm.
700 1 _aMasó, Salustiano
_etr.
_929539
999 _c39741
_d39741